<?xml version="1.0" encoding="UTF-8"?>
<record
    xmlns:xsi="http://www.w3.org/2001/XMLSchema-instance"
    xsi:schemaLocation="http://www.loc.gov/MARC21/slim http://www.loc.gov/standards/marcxml/schema/MARC21slim.xsd"
    xmlns="http://www.loc.gov/MARC21/slim">

  <leader>02695nam a2200289 c 4500</leader>
  <controlfield tag="003">DO-SdBNP</controlfield>
  <controlfield tag="005">20250702114918.0</controlfield>
  <controlfield tag="007">ta</controlfield>
  <controlfield tag="008">250702b2024    dr a|||j |||| 00| 0 spa d</controlfield>
  <datafield tag="020" ind1=" " ind2=" ">
    <subfield code="a">9789945803280</subfield>
  </datafield>
  <datafield tag="040" ind1=" " ind2=" ">
    <subfield code="a">DO-SdBNP</subfield>
    <subfield code="b">spa</subfield>
    <subfield code="c">BNPHU</subfield>
    <subfield code="e">rda</subfield>
  </datafield>
  <datafield tag="082" ind1=" " ind2=" ">
    <subfield code="a">xxxx</subfield>
    <subfield code="b">A728</subfield>
    <subfield code="2">22</subfield>
  </datafield>
  <datafield tag="100" ind1="1" ind2=" ">
    <subfield code="a">Armenteros, Marilyn</subfield>
    <subfield code="e">autora</subfield>
    <subfield code="4">aut.</subfield>
    <subfield code="9">86992</subfield>
  </datafield>
  <datafield tag="245" ind1="1" ind2="0">
    <subfield code="a">Don Sin Cola :</subfield>
    <subfield code="b">y otros cuentos /</subfield>
    <subfield code="c">Marilyn Armenteros ; ilustraciones, Paloma Vel&#xE1;squez</subfield>
  </datafield>
  <datafield tag="250" ind1=" " ind2=" ">
    <subfield code="a">Primera edici&#xF3;n</subfield>
  </datafield>
  <datafield tag="264" ind1=" " ind2=" ">
    <subfield code="a">Santo Domingo :</subfield>
    <subfield code="b">Editora Amigos del Hogar,</subfield>
    <subfield code="c">2024.</subfield>
  </datafield>
  <datafield tag="300" ind1=" " ind2=" ">
    <subfield code="a">46 p&#xE1;ginas</subfield>
    <subfield code="c">20 cm.</subfield>
  </datafield>
  <datafield tag="336" ind1=" " ind2=" ">
    <subfield code="a">texto</subfield>
    <subfield code="b">txt</subfield>
    <subfield code="2">rdacontent</subfield>
  </datafield>
  <datafield tag="337" ind1=" " ind2=" ">
    <subfield code="a">sin mediaci&#xF3;n</subfield>
    <subfield code="b">n</subfield>
    <subfield code="2">rdamedia</subfield>
  </datafield>
  <datafield tag="338" ind1=" " ind2=" ">
    <subfield code="a">volumen</subfield>
    <subfield code="b">nc</subfield>
    <subfield code="2">rdacarrier</subfield>
  </datafield>
  <datafield tag="500" ind1=" " ind2=" ">
    <subfield code="a">Incluye datos biograf&#xED;cos de la autora en la contracubierta. </subfield>
  </datafield>
  <datafield tag="520" ind1=" " ind2=" ">
    <subfield code="a">El gracioso libro Don Sin Cola, que hoy presentamos a su consideraci&#xF3;n, es una expresi&#xF3;n tangible de ese talento que Marilyn no hab&#xED;a descubierto. Naci&#xF3; como la ejecuci&#xF3;n de una tarea de car&#xE1;cter libre asignada al final de un curso de actualizaci&#xF3;n ortogr&#xE1;fica, y as&#xED; se revel&#xF3; la capacidad narrativa de esta autora.
Marilyn Armenteros &#x2014;que ingresa gozosa al m&#xE1;gico universo de la literatura infantil y juvenil&#x2014; nos sorprende con una prosa &#xE1;gil, fresca y amena para disfrute no solo de quienes atraviesan por los estadios a quienes van dirigidos sus cuentos, sino tambi&#xE9;n de los que ya estamos enfundados en un cuerpo adulto pero conservamos la mirada y la atenci&#xF3;n en esa tierna criatura interna que nos acompa&#xF1;ar&#xE1; de por vida.
En este libro los personajes y roles est&#xE1;n bien definidos y la narraci&#xF3;n cumple con el prop&#xF3;sito de mantener la atenci&#xF3;n del lector en todo su trayecto y presentar un final interesante en cada uno de los cuentos: una duda, en Don Sin Cola, para que el lector la disipe, porque las protagonistas a&#xFA;n se preguntan si resultaron vencedoras o vencidas; una soluci&#xF3;n saludable frente a la incomprensi&#xF3;n de los dem&#xE1;s, sin necesidad de juzgarlos, en &#xBF;Cuentos de ni&#xF1;os o cosas de adultos?, y una atinada lecci&#xF3;n en el cuento Paseo al zool&#xF3;gico, que recuerda que no todos los animales peligrosos son grandes ni est&#xE1;n enjaulados.
Especial ternura despierta el final de Mi primera mascota, y particularmente, el de El carro de la Barbie, en que la protagonista descubre &#x2014;por intuici&#xF3;n femenina innata&#x2014;la v&#xED;a m&#xE1;s expedita para llegar al coraz&#xF3;n de un padre derretido y lograr su objetivo de recibir los dos regalos de cumplea&#xF1;os a que aspiraba, en vez de uno, como pretend&#xED;a su progenitor.</subfield>
  </datafield>
  <datafield tag="590" ind1=" " ind2=" ">
    <subfield code="a">Inventariado, 2025/ YL</subfield>
  </datafield>
  <datafield tag="700" ind1="1" ind2=" ">
    <subfield code="a">Vel&#xE1;squez, Paloma </subfield>
    <subfield code="e"> ilustrador</subfield>
    <subfield code="4">il.</subfield>
    <subfield code="9">88231</subfield>
  </datafield>
  <datafield tag="910" ind1=" " ind2=" ">
    <subfield code="a">YLockward</subfield>
  </datafield>
  <datafield tag="942" ind1=" " ind2=" ">
    <subfield code="2">ddc</subfield>
    <subfield code="c">LF2</subfield>
  </datafield>
  <datafield tag="952" ind1=" " ind2=" ">
    <subfield code="0">0</subfield>
    <subfield code="1">0</subfield>
    <subfield code="2">ddc</subfield>
    <subfield code="5">1</subfield>
    <subfield code="7">0</subfield>
    <subfield code="8">CIJ-PD</subfield>
    <subfield code="a">BNPHU</subfield>
    <subfield code="b">BNPHU</subfield>
    <subfield code="c">CT</subfield>
    <subfield code="d">2024-11-28</subfield>
    <subfield code="e">Dep&#xF3;sito Legal</subfield>
    <subfield code="l">0</subfield>
    <subfield code="o">BNPHU F-CIJ-PD xxxx A728</subfield>
    <subfield code="p">2025-1062</subfield>
    <subfield code="r">2025-02-19</subfield>
    <subfield code="w">2025-02-19</subfield>
    <subfield code="y">LF2</subfield>
  </datafield>
  <datafield tag="952" ind1=" " ind2=" ">
    <subfield code="0">0</subfield>
    <subfield code="1">0</subfield>
    <subfield code="2">ddc</subfield>
    <subfield code="5">1</subfield>
    <subfield code="7">0</subfield>
    <subfield code="8">CIJ-PD</subfield>
    <subfield code="a">BNPHU</subfield>
    <subfield code="b">BNPHU</subfield>
    <subfield code="c">CT</subfield>
    <subfield code="d">2024-11-28</subfield>
    <subfield code="e">Dep&#xF3;sito Legal</subfield>
    <subfield code="l">0</subfield>
    <subfield code="o">BNPHU F-CIJ-PD xxxx A728</subfield>
    <subfield code="p">2025-1063</subfield>
    <subfield code="r">2025-02-19</subfield>
    <subfield code="t">e.2</subfield>
    <subfield code="w">2025-02-19</subfield>
    <subfield code="y">LF2</subfield>
  </datafield>
  <datafield tag="952" ind1=" " ind2=" ">
    <subfield code="0">0</subfield>
    <subfield code="1">0</subfield>
    <subfield code="2">ddc</subfield>
    <subfield code="5">6</subfield>
    <subfield code="7">0</subfield>
    <subfield code="8">DS</subfield>
    <subfield code="a">BNPHU</subfield>
    <subfield code="b">BNPHU</subfield>
    <subfield code="c">CT</subfield>
    <subfield code="d">2024-11-28</subfield>
    <subfield code="e">Dep&#xF3;sito Legal</subfield>
    <subfield code="l">0</subfield>
    <subfield code="o">BNPHU F-CIJ-DS xxxx A728</subfield>
    <subfield code="p">2025-1064</subfield>
    <subfield code="r">2025-02-19</subfield>
    <subfield code="t">e.3</subfield>
    <subfield code="w">2025-02-19</subfield>
    <subfield code="y">LF2</subfield>
  </datafield>
  <datafield tag="999" ind1=" " ind2=" ">
    <subfield code="c">58136</subfield>
    <subfield code="d">58136</subfield>
  </datafield>
</record>
